000
00320nam a22001457a 4500
003
SGT
020
_a
9788180522109
082
_a
340,MOS
100
_a
MOSHAL,B.S.
245
_a
MODERN BUSINESS LAW
260
_a
NEW DELHI
_b
ANE BOOKS PVT.LTD.
_c
2009
300
_a
387
650
_a
MODERN BUSIESS LAW
942
_2
ddc
_c
BK
999
_c
10404
_d
10404